| 000 -LEADER |
| fixed length control field |
00769nam a22002537a 4500 |
| 001 - CONTROL NUMBER |
| control field |
20249 |
| 003 - CONTROL NUMBER IDENTIFIER |
| control field |
BD-DhUAP |
| 005 - DATE AND TIME OF LATEST TRANSACTION |
| control field |
20200311160255.0 |
| 008 - FIXED-LENGTH DATA ELEMENTS--GENERAL INFORMATION |
| fixed length control field |
200211r20112005bg 000 0 eng |
| 020 ## - INTERNATIONAL STANDARD BOOK NUMBER |
| International Standard Book Number |
0393976157 |
| 040 ## - CATALOGING SOURCE |
| Original cataloging agency |
BD-DhUAP |
| Transcribing agency |
BD-DhUAP |
| Language of cataloging |
Eng |
| Modifying agency |
BD-DhUAP |
| 082 00 - DEWEY DECIMAL CLASSIFICATION NUMBER |
| Edition number |
23 |
| Classification number |
822.33 SHA |
| 100 ## - MAIN ENTRY--PERSONAL NAME |
| Personal name |
Shakespeare, William. |
| 245 ## - TITLE STATEMENT |
| Title |
Othello : |
| Remainder of title |
authoritative text, sources and contexts, criticism / |
| Statement of responsibility, etc. |
William Shakespeare ; edited by Edward Pechter. |
| 260 ## - PUBLICATION, DISTRIBUTION, ETC. |
| Place of publication, distribution, etc. |
New York : |
| Name of publisher, distributor, etc. |
Norton, |
| Date of publication, distribution, etc. |
c2004. |
| 300 ## - PHYSICAL DESCRIPTION |
| Extent |
xvii, 407 pages ; |
| Dimensions |
21 cm. |
| 490 ## - SERIES STATEMENT |
| Series statement |
Norton critical edition. |
| 500 ## - GENERAL NOTE |
| General note |
Includes index. |
| 600 ## - SUBJECT ADDED ENTRY--PERSONAL NAME |
| Personal name |
Shakespeare -- William / Othello |
| 650 ## - SUBJECT ADDED ENTRY--TOPICAL TERM |
| Topical term or geographic name entry element |
English drama. |
| 700 ## - ADDED ENTRY--PERSONAL NAME |
| Personal name |
Pechter, Edward |
| 942 ## - ADDED ENTRY ELEMENTS (KOHA) |
| Source of classification or shelving scheme |
|
| Koha item type |
Book |